| 000 | 00998cam a2200361 a 4500 | ||
|---|---|---|---|
| 999 |
_c560 _d560 |
||
| 001 | 2472397 | ||
| 003 | CaAEU | ||
| 005 | 20210615110009.0 | ||
| 008 | 010129s2002 onca 001 0 eng d | ||
| 016 | _a20019302428 | ||
| 020 | _a0070954925 | ||
| 020 | _a9780070954922 | ||
| 035 | _aocm46623710 | ||
| 040 |
_aCaOTU _beng _cNLC _dAEU |
||
| 043 | _an-cn--- | ||
| 049 | _aUABA | ||
| 050 |
_aHB171.5 _bL78 2007 |
||
| 082 | 0 |
_a330 _221 |
|
| 090 |
_aHB 171.5 L78 2002 _bAEU |
||
| 090 |
_aHB171.5 .L793 2002 _bAEGMCT |
||
| 100 | 1 | _aLovewell, Mark A. | |
| 245 | 1 | 0 |
_aUnderstanding economics : _ba contemporary perspective / _cMark Lovewell. |
| 250 | _a2nd ed. | ||
| 260 |
_aToronto : _bMcGraw-Hill Ryerson, _cc2002. |
||
| 300 |
_a446 p. : _bill. ; _c26 cm. |
||
| 336 |
_atext _btxt _2rdacontent |
||
| 337 |
_aunmediated _bn _2rdamedia |
||
| 338 |
_avolume _bnc _2rdacarrier |
||
| 500 | _aIncludes index. | ||
| 650 | 0 | _aEconomics. | |
| 651 | 0 |
_aCanada _xEconomic conditions. |
|
| 942 |
_2lcc _cBK _nIO |
||